LEADER 00968nas 2200373 c 450 001 9910894697303321 005 20260218111243.0 035 $a(CKB)3790000000119410 035 $a(OCoLC)760143639 035 $a(DE-101)1016483317 035 $a(DE-599)ZDB2634267-4 035 $a(DE-599)2634267-4 035 $a(EXLCZ)993790000000119410 100 $a20111025b17601798 |y | 101 0 $ager 135 $aur||||||||||| 181 $ctxt$2rdacontent 182 $cc$2rdamedia 183 $acr$2rdacarrier 200 10$aLangensalzisches Wochenblat 210 31$a[Langensalza]$d1760-1798 215 $aOnline-Ressource 300 $aGesehen 24.10.2011 517 1 $aWochenblatt 608 $aZeitung$2gnd-content 608 $aLokalpresse$2gnd-content 676 $a070 801 0$b0027 801 1$bDE-101 801 2$b9999 906 $aJOURNAL 912 $a9910894697303321 996 $aLangensalzisches Wochenblat$94260252 997 $aUNINA